000 01835cam a22004454i 4500
003 PE-LiUPU
005 20250731173224.0
008 150625s r 000 0 d
035 _a(Sirsi) a34012
040 _aPE-LiUPU
_bspa
_cPE-LiUPU
_erda
082 0 4 _a253.7
_bP34
_221
100 1 _aPerrlman, Myer,
_eautor.
245 1 3 _aEl evangelismo personal /
_cMyer Perrlman.
264 1 _a
336 _atext
_2rdacontent
337 _aunmediated
_2rdamedia
338 _avolume
_2rdacarrier
526 _aSEG42
526 _aSEG41
526 _aSEG40
526 _aSEG39
526 _aP94
526 _aP87
526 _aP86
526 _aP85
526 _aP77
526 _aP76
526 _aP35
942 _2ddc
_cBOOK
949 _a253.7 P34
_wDEWEY
_c1
_i18931
_lCCODEBUL1
_mBUL
_p00.00
_r0
_sY
_tBOOK
_u2015-06-25
_xBIBLIOTECA
_zUNKNOWN
_0COMPRA
_o.STAFF. Colección Teología
949 _a253.7 P34
_wDEWEY
_c2
_i19380
_lCCODEBUL1
_mBUL
_p00.00
_r0
_sY
_tBOOK
_u2015-06-25
_xBIBLIOTECA
_zUNKNOWN
_0COMPRA
_o.STAFF. Colección Teología
949 _a253.7 P34
_wDEWEY
_c3
_i19381
_lCCODEBUL1
_mBUL
_p00.00
_r0
_sY
_tBOOK
_u2015-06-25
_xBIBLIOTECA
_zUNKNOWN
_0COMPRA
_o.STAFF. Colección Teología
596 _a1
999 _a253.7 P34
_wDEWEY
_c41823
_i18931
_d41823
_e2017-4-28
_f2021-11-12
_g5
_lCCODEBUL1
_mBUL
_n1
_p23.00
_q1
_r0
_sY
_tBOOK
_u2015-6-25
_xTEOLOGIA
_PP35
_0COMPRA
_o.STAFF. Colección Teología
999 _a253.7 P34
_wDEWEY
_c2
_i19380
_f2021-11-12
_g5
_lCCODEBUL1
_mBUL
_r0
_sY
_tBOOK
_u2015-6-25
_xTEOLOGIA
_zUNKNOWN
_0COMPRA
_o.STAFF. Colección General
999 _a253.7 P34
_wDEWEY
_c3
_i19381
_f2021-11-12
_g6
_lCCODEBUL1
_mBUL
_r0
_sY
_tBOOK
_u2015-6-25
_xTEOLOGIA
_zUNKNOWN
_0COMPRA
_o.STAFF. Colección General
980 _81
_gALBERTO SANCHEZ Responsable de Automatización